000 00322pam a2200133 a 4500
020 _c
041 _h
082 _a301
100 _aPARKER (S.R) / BROWN (R.K) / SMITH (M.A)
_eauthor
245 _aThe Sociology of Industry
_hTextual Document
260 _bGEORGE GODWIN London
_c19981
300 _a208
930 _a11131
999 _c841889
_d841889